00534nam a22001457a 4500008004100000082002200041245012200063260003700185300001000222440000600232710002400238942001200262999001300274952010100287230609b xxu||||| |||| 00| 0 eng d a354.62007232bGOK aReport of the Public Accounts Committee on the Government of Kenya Accounts for the Year 1996/97cGovernment of Kenya aKenyabGovernment of Kenyac1997 a707 p v1 bGovernment of Kenya 2ddccBK c898d898 00102ddc4070a001b001d2023-06-09l0o354.62007232 GOKp10014914r2023-06-09w2023-06-09yBK